00720 a2200193 4500999001700000003000500017005001700022008004100039020001500080020001800095082001100113100002800124245015300152260004900305300002100354700002800375942003000403952009300433 c29499d29499NUST20180118140619.0180118b xxu||||| |||| 00| 0 eng d a0521831946 a978052183194904a530.121 aAdler, Stephen L.9879410aQuantum theory as an emergent phenomenon :bthe statistical mechanics of matrix models as the precursor of quantum field theory /cStephen L. Adler. a[S.l.] :bCambridge University Press,c2004. a238 p. ;c25 cm. aAdler, Stephen L.98794 aSNScBKk530.12 ADL2ddc 00104070aSNSbSNSd2016-05-26l0o530.12 ADLpSNS0001045r2016-05-26w2016-05-26yBK